Construire le reportage télévisé (Record no. 46139)
[ view plain ]
| 000 -LEADER | |
|---|---|
| fixed length control field | 00602nam a22002057a 4500 |
| 003 - CONTROL NUMBER IDENTIFIER | |
| control field | 0 |
| 005 - DATE AND TIME OF LATEST TRANSACTION | |
| control field | 20160609165001.0 |
| 008 - FIXED-LENGTH DATA ELEMENTS--GENERAL INFORMATION | |
| fixed length control field | 090810t xxu||||| |||| 00| 0 eng d |
| 020 ## - NUMERO INTERNATIONAL NORMALISE DES LIVRES | |
| International Standard Book Number | 2 908056 90 9 |
| 040 ## - SOURCE DU CATALOGAGE | |
| Original cataloging agency | ENAM |
| Language of cataloging | fr |
| Transcribing agency | ENAM |
| 100 ## - VEDETTE PRINCIPALE - NOM DE PERSONNE | |
| Personal name | Besse, Brigitte |
| 9 (RLIN) | 627 |
| 245 ## - TITLE STATEMENT | |
| Title | Construire le reportage télévisé |
| 250 ## - EDITION STATEMENT | |
| Edition statement | 3è éd. entièrement revue et augmentée |
| 260 ## - PUBLICATION, DISTRIBUTION, ETC. (IMPRINT) | |
| Place of publication, distribution, etc | Paris |
| Name of publisher, distributor, etc | Victoires Editions |
| Date of publication, distribution, etc | 2005 |
| 300 ## - PHYSICAL DESCRIPTION | |
| Extent | 263 p. |
| Dimensions | 18 cm. |
| 440 ## - SERIES STATEMENT/ADDED ENTRY--TITLE | |
| Title | Métier Journaliste |
| Number of part/section of a work | 11 |
| 9 (RLIN) | 628 |
| 650 ## - SUBJECT ADDED ENTRY--TOPICAL TERM | |
| Topical term or geographic name as entry element | Reportage ; Journalisme ; Presse |
| 9 (RLIN) | 629 |
| 653 ## - INDEX TERM--UNCONTROLLED | |
| Uncontrolled term | Télévision : reportage |
| 942 ## - ADDED ENTRY ELEMENTS (KOHA) | |
| Koha item type | Livre |
| Withdrawn status | Lost status | Damaged status | Not for loan | Location (home branch) | Sublocation or collection (holding branch) | Date acquired | Source of acquisition | Koha issues (times borrowed) | Koha full call number | Piece designation (barcode) | Koha date last seen | Price effective from | Koha item type |
|---|---|---|---|---|---|---|---|---|---|---|---|---|---|
| Bibliothèque Ecole Nationale Administration et Magistrature | Bibliothèque Ecole Nationale Administration et Magistrature | 10/08/2009 | Achat | 070.422 BES | 8731ENAM | 10/08/2009 | 10/08/2009 | Livre |